000
00345nam a2200133Ia 4500
008
151001s9999||||xx |||||||||||||| ||und||
100
_a
बद्री सिंह भाटीया
245
_a
डी.एन.ए.
250
_a
1
260
_b
मित्तल एंड सन्स
260
_c
2011
300
_a
152
365
_b
21
999
_c
999438
_d
999435